[Event "Open d'Aubagne 2018-2019"]
[Site "Aubagne"]
[Date "2019.03.23"]
[Round "9.1"]
[White "Pouyet, Alain"]
[Black "Daumas, Alain"]
[Result "1-0"]
[WhiteElo "1472"]
[BlackElo "1630"]
[PlyCount "91"]
[EventDate "2018.??.??"]
[WhiteTeam "Club Provence Echecs"]
[BlackTeam "Club d'Echecs Pennois (CEP)"]

1. e4 e5 2. f4 exf4 3. Nf3 g5 4. Bc4 d6 5. O-O Nc6 6. d4 Bg4 7. c3 Be7 8. a4
Nh6 9. Nbd2 Qd7 10. b4 O-O 11. Qc2 Rae8 12. Bb2 Nd8 13. Bd3 Bh5 14. e5 Bg6 15.
Ne4 Qg4 16. h3 Qh5 17. exd6 cxd6 18. d5 Nf5 19. Bc1 f6 20. Bd2 Ng7 21. Rae1 Nf7
22. c4 Ne5 23. Be2 Qh6 24. Bc3 Nf5 25. Nxe5 fxe5 26. Bd3 Ne3 27. Qd2 Nxf1 28.
Rxf1 Rf7 29. Nf2 Bxd3 30. Qxd3 Qg6 31. Qe4 Ref8 32. Qxg6+ hxg6 33. Ne4 Rf5 34.
c5 Rd8 35. cxd6 Bxd6 36. Kf2 Bc7 37. Rd1 Bb6+ 38. Kf3 Rc8 39. Rd3 Kf7 40. Nd6+
Ke7 41. Nxc8+ Kd7 42. Nxb6+ axb6 43. Ke4 Kd6 44. Be1 f3 45. Rxf3 Rxf3 46. gxf3
1-0

[Event "Open d'Aubagne 2018-2019"]
[Site "Aubagne"]
[Date "2019.03.26"]
[Round "9.2"]
[White "Tramarin, Matteo"]
[Black "Piquemal, Maxence"]
[Result "0-1"]
[WhiteElo "1390"]
[BlackElo "1630"]
[PlyCount "182"]
[EventDate "2018.??.??"]
[WhiteTeam "La Ciotat Echecs (LCE)"]
[BlackTeam "Marseille-Echecs"]

1. e4 e6 2. d3 d5 3. Nd2 Nf6 4. Ngf3 c5 5. g3 Nc6 6. Bg2 Be7 7. O-O O-O 8. Re1
Qc7 9. e5 Nd7 10. Qe2 b5 11. Nf1 c4 12. h4 a5 13. N1h2 cxd3 14. cxd3 Nb4 15.
Bf4 Ba6 16. a3 Nc6 17. Ng5 Bxg5 18. hxg5 b4 19. Qe3 Qa7 20. Qe2 Nd4 21. Qd1 Nc5
22. Re3 Nf5 23. Rf3 d4 24. g4 Nh4 25. Rh3 Nxg2 26. Kxg2 Qb7+ 27. Kg1 Qd5 28.
Nf1 Bb7 29. Rh2 Qf3 30. Qxf3 Bxf3 31. Nd2 Bxg4 32. Kg2 Nxd3 33. Rah1 Nxf4+ 34.
Kg3 Bf5 35. Kxf4 d3 36. f3 Rac8 37. Ne4 Rc2 38. Rxc2 dxc2 39. axb4 axb4 40. Nd6
Bg6 41. Nc4 Rc8 42. b3 Bd3 43. Rc1 g6 44. Nb2 Bf5 45. Nc4 Kf8 46. Ke3 Ke7 47.
Kd4 Rc7 48. Ke3 Rc5 49. f4 Rd5 50. Nd2 Rd3+ 51. Ke2 Rc3 52. Ke1 Rh3 53. Ke2
Rh2+ 54. Ke3 Rh3+ 55. Ke2 Bg4+ 56. Kf2 Rc3 57. Kg2 Bd1 58. Kf2 Rd3 59. Ke1 Re3+
60. Kf1 Rh3 61. Kf2 h5 62. gxh6 Rxh6 63. Kg3 Rh5 64. Nf1 g5 65. Ne3 gxf4+ 66.
Kxf4 Rh4+ 67. Kg3 Re4 68. Nxc2 Bxc2 69. Rxc2 Rxe5 70. Kf4 Rb5 71. Rc7+ Kf6 72.
Rc4 Rf5+ 73. Ke4 Kg5 74. Kd4 Rf4+ 75. Kc5 Rxc4+ 76. Kxc4 f5 77. Kxb4 f4 78. Kc3
f3 79. Kd3 Kg4 80. b4 Kg3 81. Kc4 f2 82. Kb5 f1=Q+ 83. Kc5 Qa1 84. Kb6 e5 85.
b5 e4 86. Kb7 e3 87. Kb8 Qg7 88. b6 e2 89. b7 e1=Q 90. Ka8 Qa5+ 91. Kb8 Qgc7#
0-1

[Event "Open d'Aubagne 2018-2019"]
[Site "Aubagne"]
[Date "2019.03.23"]
[Round "9.3"]
[White "Pentcheff, Julie"]
[Black "Cotton, Paul"]
[Result "0-1"]
[WhiteElo "1088"]
[BlackElo "1424"]
[PlyCount "68"]
[EventDate "2018.??.??"]
[WhiteTeam "Marseille-Echecs"]
[BlackTeam "Cercle d'Echecs Aubagnais"]

1. d4 Nf6 2. c4 g6 3. Nc3 Bg7 4. e4 d6 5. Nf3 O-O 6. Be2 a6 7. O-O Nbd7 8. b4
c5 9. Ba3 b6 10. Qd3 Bb7 11. Qe3 Ng4 12. Qf4 Ngf6 13. h3 cxd4 14. Nxd4 e5 15.
Qe3 exd4 16. Qxd4 Nxe4 17. Qe3 Nxc3 18. Rae1 Re8 19. Qd2 Nxe2+ 20. Rxe2 Rxe2
21. Qxe2 Qg5 22. g3 Qe5 23. Qd2 Qe4 24. f3 Qd4+ 25. Qxd4 Bxd4+ 26. Kg2 Rc8 27.
b5 Rxc4 28. Bxd6 Rc2+ 29. Kh1 Rxa2 30. h4 axb5 31. Bf4 b4 32. g4 b3 33. Bc1 b2
34. Bxb2 Rxb2 0-1

[Event "Open d'Aubagne 2018-2019"]
[Site "Aubagne"]
[Date "2019.03.23"]
[Round "9.4"]
[White "Deregnaucourt, Yves"]
[Black "Tchifteyan, Philippe"]
[Result "1-0"]
[WhiteElo "1635"]
[BlackElo "1540"]
[PlyCount "84"]
[EventDate "2018.??.??"]
[WhiteTeam "Cercle d'Echecs Aubagnais"]
[BlackTeam "Cercle d'Echecs Aubagnais"]

1. e4 c5 2. d4 cxd4 3. c3 d6 4. cxd4 Nc6 5. Nf3 Nf6 6. Nc3 Bd7 7. Bc4 Na5 8.
Bd3 Rc8 9. Qe2 g6 10. O-O Bg7 11. Be3 O-O 12. Rac1 a6 13. Rfd1 b5 14. b3 Nc6
15. h3 Nb4 16. Bb1 Nc6 17. e5 Ne8 18. Bf4 e6 19. Ne4 d5 20. Nc5 Nc7 21. Nb7 Qe7
22. Nd6 Rb8 23. Rc5 Ne8 24. Rdc1 Nxd6 25. exd6 Qe8 26. Ne5 Nxe5 27. dxe5 f6 28.
Rc7 fxe5 29. Bxe5 Bxe5 30. Qxe5 Qf7 31. Qb2 Rb6 32. Rxd7 Qf6 33. Qxf6 Rxf6 34.
Rcc7 e5 35. Rg7+ Kf8 36. Rxh7 Kg8 37. d7 Rbd6 38. Re7 Rf7 39. d8=Q+ Rxd8 40.
Rxf7 d4 41. Rg7+ Kf8 42. Bxg6 d3 1-0

[Event "Open d'Aubagne 2018-2019"]
[Site "Aubagne"]
[Date "2019.03.23"]
[Round "9.5"]
[White "Bertrand, Frederic"]
[Black "Gamblin, Vincent"]
[Result "1-0"]
[WhiteElo "1539"]
[BlackElo "1506"]
[PlyCount "77"]
[EventDate "2018.??.??"]
[WhiteTeam "Cercle d'Echecs Aubagnais"]
[BlackTeam "L'Echiquier du Roy René"]

1. e4 c5 2. d4 cxd4 3. c3 e6 4. cxd4 Nf6 5. Bd3 d5 6. e5 Nfd7 7. Nf3 Nc6 8. Nc3
Be7 9. O-O a6 10. a3 b5 11. Be3 Nb6 12. b3 b4 13. axb4 Nxb4 14. Be2 O-O 15. Na2
a5 16. Nxb4 Bxb4 17. Bd3 Ba6 18. Bxh7+ Kh8 19. Bd3 Bxd3 20. Qxd3 f5 21. exf6
Qxf6 22. Ne5 Rfc8 23. Rfc1 Bd6 24. h4 Bxe5 25. dxe5 Qxe5 26. Bxb6 Qf6 27. g3
Rf8 28. Be3 Kg8 29. Rc2 Qxa1+ 30. Kg2 Qf6 31. Bg5 Qf7 32. Rd2 Rfc8 33. Bf4 Rf8
34. Rc2 Qf6 35. Rc7 e5 36. Qxd5+ Kh8 37. Qxe5 Qxe5 38. Bxe5 Rab8 39. Rxg7 1-0

[Event "Open d'Aubagne 2018-2019"]
[Site "Aubagne"]
[Date "2019.03.23"]
[Round "9.6"]
[White "Soulet, Julia"]
[Black "Hassaine, Rachid"]
[Result "1-0"]
[WhiteElo "1451"]
[BlackElo "1390"]
[PlyCount "93"]
[EventDate "2018.??.??"]
[WhiteTeam "Marseille-Echecs"]
[BlackTeam "Cercle d'Echecs Aubagnais"]

1. d4 d5 2. c4 c6 3. cxd5 Qxd5 4. Nc3 Qa5 5. Nf3 Nf6 6. Bg5 Ne4 7. Bd2 Nxd2 8.
Qxd2 e6 9. e4 Nd7 10. Bd3 Nf6 11. O-O Be7 12. Qc2 Qh5 13. Ne2 Bd8 14. Nd2 Bc7
15. h3 g5 16. e5 Nd5 17. Ne4 Qh6 18. Bc4 f5 19. Bxd5 exd5 20. Nf6+ Kf7 21. Ng3
Qg6 22. Ngh5 Bd8 23. b4 f4 24. Qc5 Be7 25. Qa5 Bd8 26. Qc5 Be7 27. Qc3 Bf5 28.
Rfe1 Rhc8 29. Rac1 Rc7 30. b5 Rac8 31. bxc6 Rxc6 32. Qb2 f3 33. Rxc6 bxc6 34.
g4 Be6 35. Qc3 a5 36. Qxf3 Bxf6 37. Nxf6 Kg7 38. Qa3 Rc7 39. Qxa5 Qf7 40. Qd2
h6 41. Rb1 c5 42. Rb8 Bc8 43. Qc2 Qg6 44. Qa4 Kf7 45. Rxc8 Qb1+ 46. Kg2 Qb7 47.
Qe8+ 1-0

[Event "Open d'Aubagne 2018-2019"]
[Site "Aubagne"]
[Date "2019.03.23"]
[Round "9.7"]
[White "Coppel, Victor"]
[Black "Guidini, Rene"]
[Result "1-0"]
[WhiteElo "1148"]
[BlackElo "1449"]
[PlyCount "76"]
[EventDate "2018.??.??"]
[WhiteTeam "L'Echiquier du Roy René"]
[BlackTeam "Cercle d'Echecs Aubagnais"]

1. e4 c5 2. Nc3 a6 3. a4 g6 4. f4 e6 5. Nf3 Bg7 6. Be2 Ne7 7. d3 Nbc6 8. O-O d5
9. Qe1 O-O 10. Qh4 h5 11. g4 f5 12. gxh5 Bf6 13. Qh3 fxe4 14. Ng5 Bxg5 15. fxg5
e5 16. Bg4 Bxg4 17. Qxg4 Nf5 18. hxg6 Nce7 19. Qh3 Nxg6 20. Rxf5 exd3 21. Rxf8+
Qxf8 22. Qxd3 e4 23. Qxd5+ Kh7 24. Qxe4 Re8 25. Qg4 Re1+ 26. Kg2 Qf1+ 27. Kg3
Qg1+ 28. Kh3 Qf1+ 29. Qg2 Nf4+ 30. Bxf4 Rxa1 31. Qxf1 Rxf1 32. Kg4 Kg6 33. h4
Rg1+ 34. Kh3 Kh5 35. Bg3 Rc1 36. Ne2 Rh1+ 37. Kg2 Rb1 38. Nf4+ Kg4 1-0

[Event "Open d'Aubagne 2018-2019"]
[Site "Aubagne"]
[Date "2019.03.23"]
[Round "9.8"]
[White "Morata, Serge"]
[Black "Pentcheff, Laura"]
[Result "0-1"]
[WhiteElo "1317"]
[BlackElo "1595"]
[PlyCount "92"]
[EventDate "2018.??.??"]
[WhiteTeam "Cercle d'Echecs Aubagnais"]
[BlackTeam "Marseille-Echecs"]

1. e4 e5 2. Nf3 Nc6 3. Bc4 Bc5 4. c3 Nf6 5. d4 exd4 6. cxd4 Bb4+ 7. Bd2 Qe7 8.
O-O O-O 9. e5 Ne8 10. a3 Bxd2 11. Nbxd2 d6 12. h3 dxe5 13. dxe5 Nxe5 14. Re1
Nxf3+ 15. Nxf3 Qf6 16. Ra2 Nd6 17. Bb3 Bf5 18. Bc2 Rad8 19. Qd4 Bxc2 20. Qxf6
gxf6 21. Rc1 Bb3 22. Raa1 c6 23. Rc3 Bd5 24. Re1 Rfe8 25. Rce3 Rxe3 26. Rxe3
Re8 27. Rxe8+ Nxe8 28. Nd4 Nd6 29. b3 Ne4 30. b4 b5 31. Nf5 Kf8 32. f3 Nd2 33.
Ne3 Nb1 34. Nxd5 cxd5 35. Kf1 Nxa3 36. Ke2 Nc2 37. Kd3 Nxb4+ 38. Kc3 a5 39. g3
Ke7 40. f4 Kd6 41. Kd4 Nc6+ 42. Kc3 Kc5 43. f5 Nd4 44. g4 h6 45. h4 Nf3 46. h5
Ne5 0-1

[Event "Open d'Aubagne 2018-2019"]
[Site "Aubagne"]
[Date "2019.03.23"]
[Round "9.9"]
[White "Hunault, Francis"]
[Black "Labriaud, Gilles"]
[Result "1-0"]
[WhiteElo "1453"]
[BlackElo "1265"]
[PlyCount "107"]
[EventDate "2018.??.??"]
[WhiteTeam "Cercle d'Echecs Aubagnais"]
[BlackTeam "La Ciotat Echecs (LCE)"]

1. e4 e5 2. Nf3 d6 3. d4 exd4 4. Nxd4 Nf6 5. Nc3 Be7 6. Bc4 O-O 7. O-O c5 8.
Nf5 Bxf5 9. exf5 Nc6 10. Nd5 Qd7 11. Nxe7+ Nxe7 12. g4 d5 13. Be2 Rae8 14. Bf3
Nc6 15. g5 Qxf5 16. gxf6 Qxf6 17. Bg2 d4 18. Qg4 Ne5 19. Qg3 b6 20. f4 Ng6 21.
Bd2 Re2 22. Rad1 Rfe8 23. Bf3 R2e7 24. Qg5 Qxg5+ 25. fxg5 Nh4 26. Bc6 Rf8 27.
Rde1 Rxe1 28. Bxe1 Ng6 29. Bg3 Rc8 30. Bb5 Ne7 31. Re1 Nf5 32. Re8+ Rxe8 33.
Bxe8 Nxg3 34. hxg3 Kf8 35. Bb5 Ke7 36. Bc4 f6 37. gxf6+ Kxf6 38. Kf2 Ke5 39.
Kf3 g5 40. g4 h6 41. a4 Kf6 42. Ke4 Kg6 43. Ke5 h5 44. gxh5+ Kxh5 45. Kf5 Kh4
46. Be2 Kg3 47. Kxg5 Kf2 48. Bd3 Ke3 49. b3 Kd2 50. Kf5 a6 51. Ke5 Kc3 52. Kd5
b5 53. Kxc5 bxa4 54. bxa4 1-0

[Event "Open d'Aubagne 2018-2019"]
[Site "Aubagne"]
[Date "2019.03.23"]
[Round "9.10"]
[White "Cayrou, Fabien"]
[Black "Autouard, Jean-Luc"]
[Result "1-0"]
[WhiteElo "1449"]
[BlackElo "1205"]
[PlyCount "79"]
[EventDate "2018.??.??"]
[WhiteTeam "Marseille-Echecs"]
[BlackTeam "Cercle d'Echecs Aubagnais"]

1. e4 c5 2. Nf3 e6 3. g3 Be7 4. Bg2 d5 5. exd5 Qxd5 6. Nc3 Qd7 7. O-O Nf6 8. d3
O-O 9. Ne5 Qd4 10. Bf4 Nbd7 11. Nxd7 Nxd7 12. a3 e5 13. Bd2 a6 14. Nd5 Bd6 15.
b3 e4 16. Bxe4 f5 17. Bc3 fxe4 18. Bxd4 cxd4 19. dxe4 Bc5 20. b4 Ba7 21. Nc7
Rb8 22. Ne6 Rf6 23. Nxd4 Ne5 24. c3 Bh3 25. Qb3+ Kh8 26. Rfd1 Rbf8 27. Ra2 Bxd4
28. cxd4 Nf3+ 29. Kh1 Be6 30. d5 Bg4 31. h4 Nxh4 32. gxh4 Bxd1 33. Qxd1 Rf4 34.
d6 Rxh4+ 35. Kg2 Rf6 36. d7 Rg6+ 37. Kf1 Rh1+ 38. Ke2 Rxd1 39. Kxd1 Rd6+ 40.
Rd2 1-0

[Event "Open d'Aubagne 2018-2019"]
[Site "Aubagne"]
[Date "2019.03.23"]
[Round "9.11"]
[White "Desjardins, Rene"]
[Black "Normand, Christophe"]
[Result "1-0"]
[WhiteElo "1419"]
[BlackElo "1237"]
[PlyCount "141"]
[EventDate "2018.??.??"]
[WhiteTeam "Cercle d'Echecs Aubagnais"]
[BlackTeam "Cercle d'Echecs Aubagnais"]

1. d4 d5 2. Nf3 Nf6 3. e3 e6 4. Be2 Bd6 5. c4 O-O 6. cxd5 exd5 7. Nc3 c6 8. Qc2
a5 9. Bd3 h6 10. Bd2 b5 11. a3 Nbd7 12. O-O b4 13. axb4 Bxb4 14. Ne2 Bxd2 15.
Qxd2 Ba6 16. Rxa5 Bxd3 17. Rxa8 Qxa8 18. Qxd3 Qa2 19. Qc2 Rc8 20. Nc3 Qa5 21.
Rb1 c5 22. dxc5 Rxc5 23. b4 Rxc3 24. Qxc3 Qa2 25. Ra1 Qe2 26. Nd4 Qh5 27. Qd3
g6 28. Nf3 Ne5 29. Ra8+ Kg7 30. Nxe5 Qxe5 31. Qd4 Qc7 32. Ra1 Qc6 33. h3 Kh7
34. Qc5 Qe8 35. b5 Ne4 36. Qxd5 Nc3 37. Qc6 Qe5 38. Re1 Nxb5 39. f4 Qb2 40. Qb7
Kg7 41. Qe7 Qd2 42. Qe5+ Kh7 43. Ra1 Qc3 44. Qxc3 Nxc3 45. Kf2 Kg7 46. Ra3 Ne4+
47. Kf3 Nd2+ 48. Ke2 Nc4 49. Ra7 Nd6 50. Kd3 Nb5 51. Ra5 Nc7 52. e4 Ne6 53. g3
f6 54. Ra7+ Kf8 55. Kc4 g5 56. f5 Ng7 57. g4 Ne8 58. Kd5 Ng7 59. Kd6 Ne8+ 60.
Ke6 Kg8 61. Ra8 Kf8 62. Kd7 Kg7 63. Kxe8 Kh7 64. Ra6 Kg7 65. Ke7 h5 66. Rxf6
hxg4 67. Rg6+ Kh7 68. hxg4 Kh8 69. Kf7 Kh7 70. e5 Kh8 71. Rh6# 1-0

[Event "Open d'Aubagne 2018-2019"]
[Site "Aubagne"]
[Date "2019.03.23"]
[Round "9.12"]
[White "Bedhouche, Rayan"]
[Black "Gomez, Jean-Luc"]
[Result "0-1"]
[WhiteElo "1179"]
[BlackElo "1398"]
[PlyCount "30"]
[EventDate "2018.??.??"]
[WhiteTeam "Marseille-Echecs"]
[BlackTeam "Echiquier Marseillais 1872"]

1. e4 c5 2. Nf3 Nc6 3. d4 cxd4 4. Nxd4 a6 5. Nc3 e6 6. Bd3 Nxd4 7. Bxa6 Bc5 8.
Bc4 Ne7 9. Be3 Nec6 10. O-O O-O 11. b4 Ba7 12. b5 Na5 13. Bxd4 Nxc4 14. Qd3
Bxd4 15. Qxc4 Qf6 0-1

[Event "Open d'Aubagne 2018-2019"]
[Site "Aubagne"]
[Date "2019.03.23"]
[Round "9.13"]
[White "Roche, Alain"]
[Black "Madi, Chahinez"]
[Result "1/2-1/2"]
[WhiteElo "1359"]
[BlackElo "1173"]
[PlyCount "115"]
[EventDate "2018.??.??"]
[WhiteTeam "Echiquier Marseillais 1872"]
[BlackTeam "La Ciotat Echecs (LCE)"]

1. e4 c5 2. Nf3 Nc6 3. c3 Nf6 4. Qc2 e5 5. Bc4 Be7 6. O-O O-O 7. b4 cxb4 8. d4
exd4 9. cxd4 d5 10. exd5 Nxd5 11. h4 Nf6 12. Bb2 Bg4 13. Nbd2 Nd7 14. Rad1 Bxh4
15. Bd3 g6 16. Ba1 Bf6 17. d5 Nce5 18. Bxe5 Nxe5 19. Be4 Bg7 20. Qb3 a5 21. Rc1
Qd6 22. Nc4 Nxc4 23. Rxc4 Rac8 24. Nd4 Qb6 25. Nf3 Rxc4 26. Qxc4 Rc8 27. Qb3
Rc3 28. Qa4 Ra3 29. Qe8+ Bf8 30. Ne5 Qd6 31. Nxg4 f5 32. Nh6+ Kg7 33. Bxf5 Kxh6
34. Be6 Rxa2 35. Qb5 b6 36. Qd3 Qf4 37. g3 Qg5 38. Qf3 Kg7 39. d6 Rxf2 40. Rxf2
Qc1+ 41. Kg2 Bxd6 42. Qf7+ Kh6 43. g4 a4 44. Qf3 Kg7 45. Qb7+ Kh6 46. Qf3 Kg7
47. Qb7+ Kh6 48. Qd5 Bc5 49. Qd2+ Qxd2 50. Rxd2 Kg5 51. Kf3 Kf6 52. Bc4 b3 53.
Bxb3 axb3 54. Rb2 Kg5 55. Rxb3 h5 56. gxh5 Kxh5 57. Rb1 Kg5 58. Rd1 1/2-1/2

[Event "Open d'Aubagne 2018-2019"]
[Site "Aubagne"]
[Date "2019.03.23"]
[Round "9.14"]
[White "Marchis Mouren, Emma"]
[Black "Periale, Albert"]
[Result "1/2-1/2"]
[WhiteElo "1241"]
[BlackElo "1263"]
[PlyCount "66"]
[EventDate "2018.??.??"]
[WhiteTeam "Cassis Echecs"]
[BlackTeam "Cercle d'Echecs Aubagnais"]

1. d4 d5 2. c4 e6 3. Nf3 Nf6 4. g3 Nbd7 5. Bg2 b6 6. O-O Bb7 7. Nc3 Be7 8. b3
O-O 9. Re1 c5 10. Ne5 cxd4 11. Qxd4 Bc5 12. Qd1 Nxe5 13. Bf4 Ng6 14. Bg5 Bb4
15. Bd2 Rb8 16. Nb5 Bxd2 17. Qxd2 dxc4 18. Qxd8 Rfxd8 19. Nxa7 Bxg2 20. Kxg2
Ne7 21. bxc4 Rb7 22. Nb5 Rbd7 23. a4 Nc6 24. Rab1 Na5 25. Na3 Rc7 26. Rec1 Nd7
27. Rb4 Rdc8 28. Rd1 g6 29. Nb5 Rxc4 30. Rxc4 Rxc4 31. Rxd7 Rxa4 32. Rd6 Nc4
33. Rc6 Rb4 1/2-1/2

[Event "Open d'Aubagne 2018-2019"]
[Site "Aubagne"]
[Date "2019.03.23"]
[Round "9.15"]
[White "Pinet, Leo"]
[Black "Ganier, Philippe"]
[Result "0-1"]
[WhiteElo "1183"]
[BlackElo "1588"]
[PlyCount "64"]
[EventDate "2018.??.??"]
[WhiteTeam "Club Provence Echecs"]
[BlackTeam "La Ciotat Echecs (LCE)"]

1. e4 c5 2. Nf3 Nc6 3. d4 cxd4 4. Nxd4 g6 5. f4 Bg7 6. Nf3 d6 7. Bd3 Bg4 8. O-O
Nf6 9. Nc3 O-O 10. Kh1 Nd4 11. Qe1 Nxf3 12. gxf3 Bd7 13. Rg1 e6 14. Rg3 a6 15.
Rh3 Bc6 16. Qh4 Nh5 17. Qg4 f5 18. Qh4 Qxh4 19. Rxh4 Nf6 20. Rh3 Rad8 21. Bd2
fxe4 22. fxe4 Ng4 23. Rf1 d5 24. e5 d4+ 25. Ne4 Nxe5 26. Kg1 Nxd3 27. cxd3 Bd5
28. b3 Rc8 29. Bb4 Rfd8 30. Be7 Rd7 31. Nf6+ Bxf6 32. Bxf6 Rc2 0-1

[Event "Open d'Aubagne 2018-2019"]
[Site "Aubagne"]
[Date "2019.03.23"]
[Round "9.16"]
[White "Reynaud, Jacques"]
[Black "Lecomte, Gael"]
[Result "1-0"]
[WhiteElo "1419"]
[BlackElo "1254"]
[PlyCount "77"]
[EventDate "2018.??.??"]
[WhiteTeam "Cercle d'Echecs Aubagnais"]
[BlackTeam "L'Echiquier du Roy René"]

1. d4 d5 2. Bf4 Bf5 3. e3 Nc6 4. a3 e6 5. Bb5 Bd6 6. Bxc6+ bxc6 7. Nf3 Ne7 8.
Be5 f6 9. Bg3 Rb8 10. b4 Ng6 11. h4 Bxg3 12. fxg3 h5 13. Nbd2 Qd6 14. Kf2 Bg4
15. Nb3 e5 16. Qd2 exd4 17. Nh2 f5 18. Nc5 O-O 19. Rac1 Rf7 20. c4 Nf8 21. cxd5
cxd5 22. Rhe1 Ne6 23. Nf1 Nxc5 24. Rxc5 c6 25. Rec1 Rc7 26. Qa2 Qe6 27. Rxd5
cxd5 28. Rxc7 a6 29. Qc2 Kh8 30. Qc5 Bd1 31. Rc6 Qd7 32. Nd2 Ra8 33. Nb1 Bb3
34. Nc3 Bd1 35. Nxd5 Qf7 36. Qd6 Kh7 37. Rc7 Qe8 38. Qd7 Qg6 39. Ne7 1-0

[Event "Open d'Aubagne 2018-2019"]
[Site "Aubagne"]
[Date "2019.03.23"]
[Round "9.18"]
[White "Cavanihac, Claude"]
[Black "Moerenhout, Jean Claude"]
[Result "0-1"]
[WhiteElo "1472"]
[BlackElo "1280"]
[PlyCount "60"]
[EventDate "2018.??.??"]
[WhiteTeam "Cercle d'Echecs Aubagnais"]
[BlackTeam "Cercle d'Echecs Aubagnais"]

1. e4 c5 2. Nf3 Nc6 3. c3 g6 4. d4 cxd4 5. cxd4 Bg7 6. Bb5 a6 7. Bxc6 bxc6 8.
Nc3 d6 9. h3 Bb7 10. O-O Nf6 11. Bg5 O-O 12. Qc2 Rc8 13. Rad1 c5 14. d5 Qd7 15.
Rfe1 Nh5 16. Kh2 Rfe8 17. g4 Nf6 18. Qe2 e6 19. dxe6 Rxe6 20. e5 Rce8 21. Bf4
Nxg4+ 22. hxg4 Rf6 23. Kg3 h6 24. g5 hxg5 25. Nxg5 Rxf4 26. Kxf4 Qf5+ 27. Kg3
Bxe5+ 28. Kh4 f6 29. Qg4 Qxf2+ 30. Kh3 Qh2# 0-1

[Event "Open d'Aubagne 2018-2019"]
[Site "Aubagne"]
[Date "2019.03.23"]
[Round "9.19"]
[White "Tramarin, Esteban"]
[Black "Cureau, Dominique"]
[Result "0-1"]
[WhiteElo "1180"]
[BlackElo "1424"]
[PlyCount "82"]
[EventDate "2018.??.??"]
[WhiteTeam "La Ciotat Echecs (LCE)"]
[BlackTeam "Echiquier Marseillais 1872"]

1. c4 e5 2. Nc3 Nf6 3. Nf3 Nc6 4. g3 b6 5. Bg2 Rb8 6. O-O Bb7 7. e3 Be7 8. d4
exd4 9. Nxd4 Ne5 10. Bxb7 Rxb7 11. Nf3 Nxc4 12. Nd5 O-O 13. Qd3 Nxd5 14. Qxd5
Nd6 15. e4 Rb8 16. Bg5 c6 17. Qxd6 Bxg5 18. Ne5 Rb7 19. Rfd1 Be7 20. Qd3 Qc8
21. Nc4 Rd8 22. Nd6 Bxd6 23. Qxd6 Qc7 24. Qxc7 Rxc7 25. Rd6 Kf8 26. a4 Ke7 27.
Rd3 c5 28. Rc1 d6 29. b4 Rdc8 30. Rdc3 Kd7 31. bxc5 dxc5 32. Rd1+ Ke7 33. Kf1
Rd8 34. Rxd8 Kxd8 35. Ke2 Rd7 36. Rd3 Kc7 37. Kd2 a6 38. Rxd7+ Kxd7 39. Kc3 b5
40. axb5 axb5 41. f4 f6 0-1

[Event "Open d'Aubagne 2018-2019"]
[Site "Aubagne"]
[Date "2019.03.23"]
[Round "9.20"]
[White "Pietrac, Christian"]
[Black "Strate, Francois"]
[Result "1-0"]
[WhiteElo "1227"]
[BlackElo "1387"]
[PlyCount "89"]
[EventDate "2018.??.??"]
[WhiteTeam "Club d'Echecs de Miramas"]
[BlackTeam "Sanary Echecs"]

1. Nf3 Nf6 2. g3 g6 3. Bg2 Bg7 4. d3 O-O 5. O-O c6 6. Nbd2 d5 7. c3 Bg4 8. h3
Bf5 9. Nd4 Bd7 10. e4 dxe4 11. dxe4 e5 12. N4b3 b6 13. Nc4 Qc7 14. Nbd2 Be6 15.
Re1 Rd8 16. Qe2 Ne8 17. Nf3 Nd7 18. Ng5 Bxc4 19. Qxc4 Nd6 20. Qe2 h6 21. Nf3
Nc5 22. Nd2 Ne8 23. Rd1 Nd3 24. Nf1 Nxc1 25. Raxc1 Nd6 26. b3 Rd7 27. h4 h5 28.
Bh3 Rdd8 29. c4 c5 30. Rd5 Ne8 31. Rcd1 Nf6 32. R5d3 Rxd3 33. Rxd3 Rd8 34. Nh2
Rd4 35. f3 Qd6 36. Rxd4 Qxd4+ 37. Qf2 Qc3 38. Nf1 Bh6 39. Kg2 Kg7 40. Qe2 Ng8
41. Kf2 Ne7 42. g4 hxg4 43. Bxg4 Nc6 44. Qe1 Nd4 45. Qxc3 1-0

[Event "Open d'Aubagne 2018-2019"]
[Site "Aubagne"]
[Date "2019.03.23"]
[Round "9.22"]
[White "Ulloa, Philippe"]
[Black "Piquemal, Jean Christophe"]
[Result "1-0"]
[WhiteElo "1328"]
[BlackElo "1100"]
[PlyCount "121"]
[EventDate "2018.??.??"]
[WhiteTeam "Cercle d'Echecs Aubagnais"]
[BlackTeam "Marseille-Echecs"]

1. d4 d5 2. c4 e5 3. dxe5 d4 4. h3 Nc6 5. Nf3 f6 6. exf6 Nxf6 7. a3 h6 8. Bf4
Bf5 9. Nbd2 Bc5 10. b4 Bd6 11. Bxd6 Qxd6 12. c5 Qd5 13. Nb3 d3 14. exd3 O-O 15.
Nc1 Rfe8+ 16. Be2 Nd4 17. O-O Nxe2+ 18. Nxe2 Bxd3 19. Nf4 Qc4 20. Nxd3 Rad8 21.
Rc1 Qxd3 22. Qa4 a6 23. Rcd1 Qc4 24. Nd2 Qb5 25. Qb3+ Kh8 26. Nc4 Rxd1 27. Rxd1
Qc6 28. Na5 Qe4 29. Nc4 Nh5 30. Ne3 Nf4 31. Qb2 Nd3 32. Qd2 Ne5 33. Qb2 Qg6 34.
Kh1 Qh5 35. Kh2 Nc4 36. Qb3 Nxe3 37. fxe3 Qe5+ 38. Kh1 Qxe3 39. Qxe3 Rxe3 40.
Rd8+ Kh7 41. Rc8 Re1+ 42. Kh2 Ra1 43. Rxc7 Rxa3 44. Rxb7 Kg6 45. c6 Rc3 46. Rb6
Rc4 47. Kg3 Kf5 48. h4 h5 49. Kh3 g5 50. hxg5 Kxg5 51. Rxa6 Rxb4 52. Ra8 Rc4
53. Rc8 h4 54. c7 Rc3+ 55. Kh2 Kg4 56. Rg8+ Kh5 57. c8=Q Rxc8 58. Rxc8 Kg4 59.
Rg8+ Kh5 60. Kh3 Kh6 61. Kxh4 1-0

[Event "Open d'Aubagne 2018-2019"]
[Site "Aubagne"]
[Date "2019.03.23"]
[Round "9.23"]
[White "Avedissian, Andre"]
[Black "Madi, Mohammed"]
[Result "1-0"]
[WhiteElo "1326"]
[BlackElo "1090"]
[PlyCount "103"]
[EventDate "2018.??.??"]
[WhiteTeam "Echiquier Marseillais 1872"]
[BlackTeam "La Ciotat Echecs (LCE)"]

1. d4 Nf6 2. Nf3 g6 3. c4 Bg7 4. Nc3 Nc6 5. e4 d6 6. h3 O-O 7. Be3 a6 8. Be2
Bd7 9. O-O e6 10. a3 Ne7 11. Rb1 d5 12. e5 Ne8 13. cxd5 exd5 14. Ne1 Bf5 15.
Rc1 Rc8 16. b4 Nc6 17. Nd3 Qh4 18. Kh2 Nxd4 19. f4 Nxe2 20. Nxe2 Bxd3 21. Qxd3
c6 22. Bc5 Nc7 23. Bxf8 Kxf8 24. Nd4 Bh6 25. g3 Qe7 26. h4 Ne6 27. Rf2 f6 28.
Nxe6+ Qxe6 29. exf6 Qxf6 30. Re2 Re8 31. Rce1 Rxe2+ 32. Rxe2 Bxf4 33. Rf2 Kg8
34. Rxf4 Qb2+ 35. Kh3 Qg7 36. Qe3 Qd7+ 37. g4 h5 38. Kg3 hxg4 39. Rxg4 Qd6+ 40.
Qf4 Qe6 41. Qf2 Qe5+ 42. Kh3 Qc3+ 43. Qg3 Qf6 44. Rxg6+ Qxg6 45. Qxg6+ Kf8 46.
h5 Ke7 47. h6 Kd7 48. h7 Kc7 49. h8=Q Kb6 50. Qd8+ Kb5 51. Qd3+ Ka4 52. Qa5#
1-0

[Event "Open d'Aubagne 2018-2019"]
[Site "Aubagne"]
[Date "2019.03.23"]
[Round "9.24"]
[White "Boudet, Nicole"]
[Black "Rocchia, Alex"]
[Result "0-1"]
[WhiteElo "1087"]
[BlackElo "1284"]
[PlyCount "94"]
[EventDate "2018.??.??"]
[WhiteTeam "Cercle d'Echecs Aubagnais"]
[BlackTeam "Cercle d'Echecs Aubagnais"]

1. e4 e5 2. Nf3 Nc6 3. d4 exd4 4. Nxd4 Nf6 5. Nxc6 bxc6 6. Nc3 Bb4 7. Qf3 O-O
8. a3 Ba5 9. b4 Bb6 10. Be2 Bb7 11. O-O h6 12. Bb2 Re8 13. Na4 Nxe4 14. Nxb6
cxb6 15. Qf4 d5 16. Rad1 Qd6 17. Qxd6 Nxd6 18. Bd3 c5 19. Rfe1 c4 20. Be2 Re7
21. Rd4 Rae8 22. Kf1 Nb5 23. Rg4 g6 24. h4 h5 25. Rg5 a6 26. a4 c3 27. Bc1 Nd4
28. Be3 Nxc2 29. Rg3 Nxe1 30. Kxe1 d4 31. Bc4 dxe3 32. Rxg6+ Kh7 33. Rg5 exf2+
34. Kxf2 Re5 35. Bxf7 Rxg5 36. hxg5 Rf8 37. g6+ Kg7 38. Ke1 Be4 39. g3 Bxg6 40.
Bxg6 Kxg6 41. Kd1 Rc8 42. Kc2 Kg5 43. a5 bxa5 44. bxa5 Kg4 45. Kc1 c2 46. Kb2
c1=Q+ 47. Kb3 Rb8+ 0-1

[Event "Open d'Aubagne 2018-2019"]
[Site "Aubagne"]
[Date "2019.03.23"]
[Round "9.25"]
[White "Frontera, Pierre"]
[Black "Dektiannikov, Artiom"]
[Result "1-0"]
[WhiteElo "1269"]
[BlackElo "1133"]
[PlyCount "72"]
[EventDate "2018.??.??"]
[WhiteTeam "Cercle d'Echecs Aubagnais"]
[BlackTeam "Cassis Echecs"]

1. e4 e5 2. Nf3 Nf6 3. Nc3 d6 4. Bc4 h6 5. O-O Nc6 6. d3 Bg4 7. Be3 Be6 8. Bxe6
fxe6 9. d4 exd4 10. Nxd4 Nxd4 11. Bxd4 e5 12. Be3 c6 13. Re1 Qd7 14. h3 d5 15.
exd5 Nxd5 16. Nxd5 cxd5 17. Qh5+ Kd8 18. Qxe5 Bd6 19. Qd4 b6 20. Kh1 Rc8 21. c3
Bc5 22. Qd3 Bd6 23. b4 Bb8 24. Rad1 Qc7 25. Qxd5+ Ke8 26. Bxb6+ Qe7 27. Rxe7+
Kxe7 28. Re1+ Kf6 29. Bd4+ Kg6 30. Re6+ Kh7 31. Qe4+ Kg8 32. Re8+ Rxe8 33.
Qxe8+ Kh7 34. Qe4+ Kg8 35. Be5 Bxe5 36. Qxe5 Kf7 1-0